[Event "Herford- Hemer"]
[Site "?"]
[Date "2023.05.21"]
[Round "9.6"]
[White "Klemme, Thomas"]
[Black "Jagodzinsky, Andreas"]
[Result "0-1"]
[WhiteElo "1971"]
[BlackElo "2171"]
[PlyCount "108"]
[SourceVersionDate "2023.06.22"]

1. b3 d5 2. Bb2 Bf5 3. e3 e6 4. Nf3 Nf6 5. d4 h6 6. Bd3 Bxd3 7. cxd3 Be7 8. O-O
O-O 9. Ne5 c5 10. dxc5 Bxc5 11. Nd2 Nbd7 12. Rc1 Nxe5 13. Bxe5 Rc8 14. Rc2 Nd7
15. Bb2 Bd6 16. Nf3 Qa5 17. Qb1 Rxc2 18. Qxc2 Re8 19. Rc1 e5 20. Bc3 Qa6 21. b4
Bb8 22. e4 Nf6 23. Bd2 Rd8 24. Be1 Qe6 25. h3 Kh8 26. Nh4 g6 27. f3 Kh7 28. Bf2
Ng8 29. g4 Ne7 30. Kh2 Rc8 31. Qd2 Rxc1 32. Qxc1 dxe4 33. dxe4 Qxa2 34. Kg1 Qe6
35. Be3 Qf6 36. Bf2 Nc6 37. Qc3 a6 38. Ng2 Bd6 39. Bc5 Bxc5+ 40. bxc5 Nd4 41.
Kf2 a5 42. Ne1 Qh4+ 43. Ke3 Qxh3 44. Qxa5 Qf1 45. Qd2 Qxe1+ 46. Qxe1 Nc2+ 47.
Ke2 Nxe1 48. Kxe1 Kg7 49. Ke2 Kf8 50. Kd3 Ke7 51. Ke3 Kd7 52. f4 Kc6 53. fxe5
Kxc5 54. Kf4 Kd4 0-1

[Event "Herford- Hemer"]
[Site "?"]
[Date "2023.05.21"]
[Round "9.7"]
[White "Trinh, Fabian"]
[Black "Heuermann, Heinz- Burkhard"]
[Result "1-0"]
[WhiteElo "1867"]
[BlackElo "1866"]
[PlyCount "31"]
[SourceVersionDate "2023.06.22"]

1. d4 Nf6 2. Bf4 d6 3. Nc3 Nbd7 4. Nf3 g6 5. e4 Nh5 6. Be3 e5 7. dxe5 dxe5 8.
Qd2 Bg7 9. Bc4 O-O 10. Bg5 Bf6 11. Bxf6 Qxf6 12. Nd5 Qd8 13. Qh6 c6 14. Ng5
Ndf6 15. Nxf6+ Qxf6 16. Qxh7# 1-0

[Event "Bielefeld 2- Münster 2"]
[Site "?"]
[Date "2023.05.21"]
[Round "9.1"]
[White "Weidemann, Jakob"]
[Black "Winkler, Yonathan"]
[Result "1/2-1/2"]
[WhiteElo "2103"]
[BlackElo "2022"]
[PlyCount "72"]
[SourceVersionDate "2023.06.22"]

1. Nf3 d5 2. g3 Nf6 3. Bg2 c6 4. O-O Bg4 5. b3 h5 6. Bb2 Qc8 7. d4 Bh3 8. Bxh3
Qxh3 9. Ng5 Qc8 10. h4 g6 11. Nd2 Bh6 12. Ndf3 Ne4 13. Kg2 Bxg5 14. Nxg5 Nxg5
15. hxg5 h4 16. Rh1 Qg4 17. Qd2 Nd7 18. Rh3 Rh5 19. f3 Qe6 20. g4 Rh8 21. Rah1
Qd6 22. Rxh4 Rxh4 23. Rxh4 Nf8 24. Bc3 O-O-O 25. e3 Ne6 26. Bb4 Qd7 27. f4 Nc7
28. Kg3 b6 29. Rh7 a5 30. Bc3 Nb5 31. a4 Nd6 32. Qd3 Kb7 33. b4 axb4 34. Bxb4
Ne4+ 35. Kf3 Qe6 36. Qa3 Ra8 1/2-1/2

[Event "Bielefeld 2- Münster 2"]
[Site "?"]
[Date "2023.05.21"]
[Round "9.2"]
[White "Koehler, Justus"]
[Black "Schroeder, Lennart"]
[Result "1/2-1/2"]
[WhiteElo "2031"]
[BlackElo "2013"]
[PlyCount "50"]
[SourceVersionDate "2023.06.22"]

1. e4 c5 2. d4 cxd4 3. Nf3 d6 4. Nxd4 Nf6 5. f3 e5 6. Bb5+ Bd7 7. Bxd7+ Qxd7 8.
Nf5 d5 9. Bg5 dxe4 10. Bxf6 Qxd1+ 11. Kxd1 gxf6 12. fxe4 Nc6 13. Nc3 O-O-O+ 14.
Ke2 Nd4+ 15. Nxd4 exd4 16. Nd1 Bd6 17. Kf3 h5 18. Nf2 Rhg8 19. Rad1 Be5 20. g3
Kd7 21. Nd3 Ke7 22. Rd2 Rc8 23. Rhd1 Rc6 24. Re1 Rgc8 25. Ree2 Rb6 1/2-1/2

[Event "Bielefeld 2- Münster 2"]
[Site "?"]
[Date "2023.05.21"]
[Round "9.3"]
[White "Boesel, Alexander"]
[Black "Nagel, Jens"]
[Result "0-1"]
[WhiteElo "2005"]
[BlackElo "1933"]
[PlyCount "56"]
[SourceVersionDate "2023.06.22"]

1. e4 c5 2. Nf3 e6 3. d4 cxd4 4. Nxd4 Nf6 5. Nc3 d6 6. g4 e5 7. Bb5+ Bd7 8.
Bxd7+ Qxd7 9. Nf5 h5 10. f3 hxg4 11. fxg4 Qc6 12. Qf3 Na6 13. Bg5 Nd7 14. O-O-O
f6 15. Be3 O-O-O 16. Nd5 Kb8 17. Kb1 Nc7 18. Nde7 Bxe7 19. Nxe7 Qc4 20. Rxd6
Nb5 21. Rd3 Nc5 22. Bxc5 Qxc5 23. Rxd8+ Rxd8 24. Nd5 Nd6 25. Nc3 Nc4 26. Ka1
Rd2 27. Rd1 Qb4 28. b3 Qxc3+ 0-1

[Event "Bielefeld 2- Münster 2"]
[Site "?"]
[Date "2023.05.21"]
[Round "9.4"]
[White "Garnacho, Eduardo"]
[Black "Virnyi, Julius"]
[Result "0-1"]
[WhiteElo "1887"]
[BlackElo "2111"]
[PlyCount "92"]
[SourceVersionDate "2023.06.22"]

1. e4 c5 2. Nf3 d6 3. d4 cxd4 4. Nxd4 Nf6 5. Nc3 Nc6 6. Bc4 Qb6 7. Nxc6 bxc6 8.
O-O g6 9. Rb1 Bg7 10. h3 O-O 11. Be3 Qc7 12. f4 Rb8 13. Bb3 Ba6 14. Rf2 Nd7 15.
Kh1 c5 16. Nd5 Qd8 17. c3 e6 18. Nb4 cxb4 19. Qxd6 Nb6 20. Bc5 bxc3 21. bxc3
Qc8 22. Bd4 Rd8 23. Qe7 Rd7 24. Qh4 Bxd4 25. cxd4 Qd8 26. Qh6 Qf8 27. Qg5 Qe7
28. Qh6 Bd3 29. Re1 Rxd4 30. f5 exf5 31. e5 Re4 32. Rxe4 Bxe4 33. e6 fxe6 34.
h4 Rc8 35. h5 Qf6 36. hxg6 hxg6 37. Rf4 Bd5 38. Rh4 Qg7 39. Qe3 Qa1+ 40. Kh2
Qc3 41. Qg5 Qc7+ 42. g3 Qg7 43. Bxd5 Nxd5 44. Ra4 Nf6 45. Qd2 Ng4+ 46. Kg2 Qb7+
0-1

[Event "Bielefeld 2- Münster 2"]
[Site "?"]
[Date "2023.05.21"]
[Round "9.5"]
[White "Quante, Lennart"]
[Black "Cordes, Jule"]
[Result "1/2-1/2"]
[WhiteElo "2106"]
[BlackElo "1738"]
[Annotator "daniel"]
[PlyCount "96"]
[SourceVersionDate "2023.06.22"]

1. d4 d5 2. Nf3 Nf6 3. g3 c5 4. Bg2 cxd4 5. O-O h6 6. b3 Nc6 7. Nxd4 e5 8. Nxc6
bxc6 9. c4 Be6 10. Bb2 Qc7 11. cxd5 cxd5 12. Nc3 Rd8 13. Rc1 Qb8 14. Qd3 Be7
15. Qb5+ Kf8 16. Qxb8 Rxb8 17. Na4 Bd6 18. Rfd1 Ke7 19. Nc5 Rhc8 20. Nxe6 fxe6
21. e3 Nd7 22. Bf1 Nc5 23. Rc2 Rc7 24. Rdc1 Rbc8 25. Kg2 Ne4 26. Rxc7+ Rxc7 27.
Rxc7+ Bxc7 28. Bd3 Nc5 29. Bc2 Nd7 $11 30. b4 Bd6 31. a3 Nb6 32. Bb3 Kf7 33.
Bc3 Nd7 34. f3 Nb6 35. Kf2 Ke7 36. a4 Kf7 37. a5 Nc8 38. b5 Bc7 39. f4 exf4 40.
gxf4 Nd6 41. Kf3 Nxb5 42. Bd2 Nd6 43. Bb4 a6 44. Bxd6 Bxd6 45. Bc2 Bb4 46. Bd3
Bxa5 47. Bxa6 Kf6 48. e4 dxe4+ 1/2-1/2

[Event "Bielefeld 2- Münster 2"]
[Site "?"]
[Date "2023.05.21"]
[Round "9.7"]
[White "Junk, Phillip"]
[Black "Weeke, Tom"]
[Result "1-0"]
[WhiteElo "2097"]
[BlackElo "1304"]
[PlyCount "53"]
[SourceVersionDate "2023.06.22"]

1. e4 c5 2. Nf3 Nc6 3. Bb5 g6 4. O-O Bg7 5. c3 e5 6. d3 Nge7 7. Be3 d6 8. d4
cxd4 9. cxd4 exd4 10. Bxd4 O-O 11. Bxg7 Kxg7 12. Nc3 Bg4 13. Bxc6 Nxc6 14. h3
Bxf3 15. Qxf3 Ne5 16. Qe3 f5 17. f4 Nc6 18. Nd5 fxe4 19. Qxe4 Re8 20. Qd3 Ne7
21. Qc3+ Kf7 22. Nc7 Rc8 23. Qb3+ d5 24. Nxe8 Kxe8 25. Qxb7 d4 26. Rad1 d3 27.
Qb5+ 1-0

[Event "Steinfurt- Kirchlengern"]
[Site "?"]
[Date "2023.05.21"]
[Round "9.1"]
[White "Gulatz, Maurice"]
[Black "Rieke, Theo"]
[Result "1/2-1/2"]
[WhiteElo "2153"]
[BlackElo "1962"]
[PlyCount "120"]
[SourceVersionDate "2023.06.22"]

1. d4 Nf6 2. Nc3 d5 3. Bf4 Bf5 4. f3 e6 5. g4 Bg6 6. h4 h6 7. e3 c6 8. Bd3 Bxd3
9. Qxd3 Bd6 10. Nge2 Na6 11. a3 Bxf4 12. Nxf4 Qd6 13. O-O-O O-O-O 14. g5 Nd7
15. Kb1 g6 16. Qd2 e5 17. Nd3 Qe7 18. gxh6 e4 19. fxe4 dxe4 20. Nf4 Rxh6 21.
Qg2 Nf6 22. Qg5 Rdh8 23. Nxe4 Qxe4 24. Qxf6 Qf5 25. Qxf5+ gxf5 26. h5 Nc7 27.
Rdg1 Ne6 28. Nxe6 fxe6 29. Rg5 R8h7 30. c4 Kd7 31. d5 cxd5 32. cxd5 Kd6 33.
dxe6 Kxe6 34. Rf1 Rxh5 35. Rfxf5 Rxg5 36. Rxg5 Kf6 37. Rd5 Ke6 38. Rd3 Rh2 39.
Ka2 b5 40. Kb3 a5 41. Kc3 b4+ 42. axb4 axb4+ 43. Kb3 Re2 44. Rd4 Rxe3+ 45. Kxb4
Rh3 46. Ka4 Rh8 47. b4 Ke5 48. Rd7 Ke6 49. Rd4 Ke5 50. Rd1 Ra8+ 51. Kb3 Rb8 52.
Rh1 Kd5 53. Rh6 Ra8 54. Rg6 Ra7 55. Rg5+ Kc6 56. Kc4 Rh7 57. Rg6+ Kb7 58. Kb5
Rh8 59. Ka4 Rh7 60. Ka5 Rf7 1/2-1/2

[Event "Steinfurt- Kirchlengern"]
[Site "?"]
[Date "2023.05.21"]
[Round "9.2"]
[White "Arning, Marcus"]
[Black "Braun, Peter"]
[Result "1-0"]
[WhiteElo "1981"]
[BlackElo "1928"]
[PlyCount "47"]
[SourceVersionDate "2023.06.22"]

1. d4 Nf6 2. Nc3 d5 3. Bg5 e6 4. e3 Be7 5. Nf3 O-O 6. Bd3 b6 7. e4 dxe4 8. Nxe4
Bb7 9. Bxf6 Bxf6 10. Qe2 Nd7 11. O-O-O Qe7 12. h4 c5 13. Nfg5 Bxe4 14. Bxe4
Bxg5+ 15. hxg5 Qxg5+ 16. Kb1 Nf6 17. Bxa8 Rxa8 18. dxc5 Qxc5 19. Rh3 Nd5 20.
Qe4 g6 21. Rdh1 Rd8 22. Rxh7 Nf6 23. Rh8+ Kg7 24. Qh4 1-0

[Event "Steinfurt- Kirchlengern"]
[Site "?"]
[Date "2023.05.21"]
[Round "9.3"]
[White "Ott, Mathias"]
[Black "Haselhorst, Helmut"]
[Result "1-0"]
[WhiteElo "1980"]
[BlackElo "2005"]
[PlyCount "83"]
[SourceVersionDate "2023.06.22"]

1. d4 Nf6 2. c4 g6 3. Nc3 Bg7 4. e4 d6 5. Be2 O-O 6. Be3 c5 7. d5 e6 8. Nf3
exd5 9. cxd5 b5 10. Qc2 a6 11. O-O Re8 12. Nd2 Nbd7 13. Rfe1 Bb7 14. Rad1 Rc8
15. a4 b4 16. Ncb1 Ne5 17. f3 h6 18. Nc4 g5 19. Nbd2 Ng6 20. Bf2 Rc7 21. Ne3
Bc8 22. Ndc4 Rce7 23. Bf1 h5 24. a5 g4 25. Nb6 gxf3 26. gxf3 h4 27. Nxc8 Qxc8
28. Nf5 Rd7 29. Nxh4 Nxh4 30. Bxh4 Rdd8 31. Qg2 Kf8 32. Qg3 Re5 33. Bh3 Qc7 34.
Bf5 Qxa5 35. Kh1 Rb8 36. Rg1 Ne8 37. f4 Rxf5 38. exf5 c4 39. f6 Bxf6 40. Qg8+
Ke7 41. Bxf6+ Kd7 42. Qxf7+ 1-0

[Event "Steinfurt- Kirchlengern"]
[Site "?"]
[Date "2023.05.21"]
[Round "9.4"]
[White "Janning, Rainer"]
[Black "Knollmann, Benjamin"]
[Result "1-0"]
[WhiteElo "1873"]
[BlackElo "1869"]
[PlyCount "69"]
[SourceVersionDate "2023.06.22"]

1. f4 d5 2. Nf3 Nc6 3. e3 Bg4 4. Bb5 Bxf3 5. Qxf3 a6 6. Bxc6+ bxc6 7. b3 Nf6 8.
Bb2 e6 9. O-O Qd7 10. d3 Be7 11. Nd2 Rb8 12. Qh3 Rg8 13. Nf3 Qd6 14. Ne5 h5 15.
Rad1 g6 16. c4 a5 17. c5 Qxc5 18. Rc1 Qb5 19. Nxc6 Ng4 20. Nxb8 Qxb8 21. Qf3
Qa7 22. Rfe1 Bd6 23. Kh1 Qa6 24. h3 Nh6 25. e4 Bb4 26. Re2 c6 27. exd5 cxd5 28.
g4 Kd7 29. Rec2 Bd6 30. Be5 hxg4 31. hxg4 Qb7 32. Bxd6 Kxd6 33. Rc6+ Qxc6 34.
Rxc6+ Kxc6 35. Qh3 1-0

[Event "Steinfurt- Kirchlengern"]
[Site "?"]
[Date "2023.05.21"]
[Round "9.5"]
[White "Dilger, Tim"]
[Black "Stoeckmann, Helmut"]
[Result "1/2-1/2"]
[WhiteElo "1852"]
[BlackElo "1970"]
[Annotator "daniel"]
[PlyCount "122"]
[SourceVersionDate "2023.06.22"]

1. d4 Nf6 2. c4 e6 3. Nc3 Bb4 4. Qc2 c5 5. a3 Bxc3+ 6. bxc3 d6 7. Nf3 O-O 8.
Bg5 Nbd7 9. e4 e5 10. Be2 Qa5 11. O-O Re8 $11 12. d5 a6 13. Rfb1 Rb8 14. a4 Qc7
15. Nd2 b6 16. Rb2 h6 17. Bh4 a5 18. Nb1 g5 19. Bg3 Nf8 20. h4 Ng6 21. hxg5
hxg5 22. Na3 Ba6 23. Rab1 Nf4 24. Bf1 Kg7 25. f3 Rh8 26. Qd2 Rh6 27. Rb3 N6h5
28. Bf2 Nf6 29. Be3 Qd8 30. Kf2 Rh2 31. Nb5 Bxb5 32. Rxb5 Nd7 33. Ke1 Qf6 34.
Kd1 Rbh8 35. Kc2 R8h3 36. Bg1 Rh6 37. Bxh2 Rxh2 38. Qf2 Qh6 39. Kb3 Qh5 40. Ka3
Qg6 41. Qg1 Qh6 42. R5b2 Rh1 43. Qe3 Qh4 44. Qf2 Rh2 45. Qe1 Qxe1 46. Rxe1 Rh1
47. Reb1 Rg1 48. Rf2 Kg6 49. g4 Kg7 50. Kb2 Rh1 51. Kc2 Rh4 52. Kd2 Kf6 53. Ke3
Kg7 54. Rfb2 Rh1 55. Rb5 Kf6 56. Kf2 Rh2+ 57. Kg1 Ra2 58. Rxb6 Nxb6 59. Rxb6
Ke7 60. Rb7+ Ke8 61. Rb6 Ke7 1/2-1/2

[Event "Werther- Porta Westfalica"]
[Site "?"]
[Date "2023.05.21"]
[Round "9.1"]
[White "Traetmar, Mattis"]
[Black "Haskenhoff, Jan"]
[Result "0-1"]
[WhiteElo "1997"]
[BlackElo "2168"]
[PlyCount "130"]
[SourceVersionDate "2023.06.22"]

1. e4 c5 2. Nf3 d6 3. d4 cxd4 4. Nxd4 Nf6 5. Nc3 g6 6. f4 Nc6 7. Be2 Bg7 8. Be3
O-O 9. O-O Qb6 10. Kh1 Qxb2 11. Ndb5 Qb4 12. Rb1 Qa5 13. Rb3 Qd8 14. g4 a6 15.
Na3 b5 16. g5 Nd7 17. Nd5 Nc5 18. Bxc5 dxc5 19. Rd3 Qa5 20. f5 Ra7 21. f6 Bh8
22. fxe7 Rxe7 23. Nf6+ Bxf6 24. gxf6 Rxe4 25. Qc1 Rh4 26. Qg5 Qb4 27. c4 Nd4
28. Qxh4 Nxe2 29. h3 Bb7+ 30. Kh2 Qb2 31. Re3 Nd4+ 32. Qf2 Qxf2+ 33. Rxf2 b4
34. Nb1 Ne6 35. Nd2 a5 36. Ne4 Bxe4 37. Rxe4 Rd8 38. Kg3 Rd3+ 39. Kg2 Kf8 40.
Rfe2 a4 41. h4 h6 42. Kf2 Kg8 43. Ke1 g5 44. hxg5 hxg5 45. Rf2 Rh3 46. Kd1 Rd3+
47. Kc1 Rh3 48. Rf5 Rh1+ 49. Kc2 Rh2+ 50. Kb1 a3 51. Rxe6 fxe6 52. Rxg5+ Kf7
53. Rxc5 Kxf6 54. Rb5 Rb2+ 55. Kc1 Ke7 56. Rb6 Kd7 57. Rb5 Kd6 58. Rb6+ Kd7 59.
c5 e5 60. Rd6+ Kc7 61. Re6 Re2 62. Kb1 Kd7 63. Rd6+ Ke7 64. Rb6 Rb2+ 65. Kc1 e4
0-1

[Event "Werther- Porta Westfalica"]
[Site "?"]
[Date "2023.05.21"]
[Round "9.2"]
[White "Freiberger, Jonas"]
[Black "Adiyaman, Rene"]
[Result "1-0"]
[WhiteElo "2198"]
[BlackElo "2130"]
[PlyCount "89"]
[SourceVersionDate "2023.06.22"]

1. e4 e5 2. d4 exd4 3. c3 Qe7 4. cxd4 Qxe4+ 5. Be3 Nf6 6. Nc3 Bb4 7. Nf3 Nd5 8.
Qd2 Nxc3 9. bxc3 Ba5 10. Bd3 Qc6 11. Rc1 O-O 12. d5 Qd6 13. O-O f5 14. Bc2 f4
15. Bd4 Qh6 16. Rfe1 Bb6 17. Re7 Bxd4 18. Qxd4 d6 19. h4 c5 20. Qa4 Qf6 21.
Rce1 b5 22. Qxb5 Nd7 23. R1e6 Qxc3 24. Bxh7+ Kh8 25. Qc6 Nb6 26. Rxd6 Kxh7 27.
Ne5 Bf5 28. Rg6 Qxe5 29. Rh6+ Kg8 30. Rxe5 Rac8 31. Qb5 gxh6 32. d6 Bd7 33. Qd3
Rf6 34. Re7 Bf5 35. Qc3 Nd5 36. Qe5 Nxe7 37. Qxf6 c4 38. dxe7 Bd7 39. Qg6+ Kh8
40. Qxh6+ Kg8 41. Qg6+ Kh8 42. Qd6 Bf5 43. Qe5+ Kg8 44. Qxf5 Rf8 45. exf8=Q#
1-0

[Event "Werther- Porta Westfalica"]
[Site "?"]
[Date "2023.05.21"]
[Round "9.3"]
[White "Kirnos, Evgeni"]
[Black "Goecke, Karl Ulrich"]
[Result "1/2-1/2"]
[WhiteElo "2224"]
[BlackElo "2138"]
[PlyCount "30"]
[SourceVersionDate "2023.06.22"]

1. e4 c6 2. d3 d5 3. Nd2 e5 4. Ngf3 Bd6 5. Be2 Nf6 6. O-O O-O 7. c3 Re8 8. Qc2
Nbd7 9. Re1 a5 10. Nf1 dxe4 11. dxe4 h6 12. Ng3 a4 13. h3 Bc5 14. Bf1 b5 15.
Be3 Qb6 1/2-1/2

[Event "Werther- Porta Westfalica"]
[Site "?"]
[Date "2023.05.21"]
[Round "9.5"]
[White "Roos, Jonas"]
[Black "Ortpaul, Mario"]
[Result "1/2-1/2"]
[WhiteElo "1895"]
[BlackElo "1923"]
[PlyCount "24"]
[SourceVersionDate "2023.06.22"]

1. Nf3 g6 2. b3 Bg7 3. d4 c5 4. Bb2 Nc6 5. c4 cxd4 6. e3 Qa5+ 7. Qd2 Nb4 8.
Nxd4 Nc2+ 9. Nxc2 Qxd2+ 10. Nxd2 Bxb2 11. Rd1 Nf6 12. Be2 d6 1/2-1/2

[Event "Katernberg- Lieme"]
[Site "?"]
[Date "2023.04.30"]
[Round "8.1"]
[White "Niermann, Tristan"]
[Black "Siebrecht, Sebastian"]
[Result "1-0"]
[WhiteElo "2316"]
[BlackElo "2372"]
[PlyCount "65"]
[SourceVersionDate "2023.06.22"]

1. e4 g6 2. d4 Bg7 3. Nc3 d6 4. Be3 Nf6 5. h3 Nbd7 6. f4 c6 7. Nf3 O-O 8. Bd3
Qa5 9. e5 Nd5 10. Bd2 Nxc3 11. Bxc3 Qc7 12. Qe2 dxe5 13. fxe5 Nb6 14. O-O-O c5
15. dxc5 Na4 16. Bd4 Nxc5 17. Bc4 Ne6 18. Bc3 a6 19. h4 b5 20. Bb3 Rb8 21. h5
b4 22. Bd2 Nc5 23. Bc4 Be6 24. hxg6 hxg6 25. Kb1 Rfc8 26. Rc1 Qa5 27. Bxe6 Nxe6
28. Qe4 Nc5 29. Qh4 Na4 30. Qh7+ Kf8 31. Bh6 Nc3+ 32. bxc3 bxc3+ 33. Ka1 1-0

[Event "Katernberg- Lieme"]
[Site "?"]
[Date "2023.04.30"]
[Round "8.2"]
[White "Tomic, Bosko"]
[Black "Wittke, Rene"]
[Result "1/2-1/2"]
[WhiteElo "2430"]
[BlackElo "2324"]
[PlyCount "62"]
[SourceVersionDate "2023.06.22"]

1. e4 c6 2. d4 d5 3. Nd2 dxe4 4. Nxe4 Nd7 5. Bc4 Ndf6 6. Ng5 e6 7. N1f3 Bd6 8.
Qe2 h6 9. Nh3 Qc7 10. Ne5 Ne7 11. Bf4 b5 12. Bd3 a6 13. O-O Ned5 14. Bg3 Nb4
15. c3 Nxd3 16. Nxd3 O-O 17. Nc5 Bxg3 18. fxg3 Nd7 19. Nxd7 Bxd7 20. Qe3 e5 21.
Qxe5 Qxe5 22. dxe5 Bxh3 23. gxh3 Rfe8 24. Rfe1 Rad8 25. Re2 f6 26. e6 Kf8 27.
Rae1 Ke7 28. h4 h5 29. Kf2 Rd3 30. Kg2 Red8 31. Kf2 R8d6 1/2-1/2

[Event "Katernberg- Lieme"]
[Site "?"]
[Date "2023.04.30"]
[Round "8.3"]
[White "Bentel, Robin"]
[Black "Kueppers, Timo"]
[Result "1-0"]
[WhiteElo "2227"]
[BlackElo "2234"]
[PlyCount "71"]
[SourceVersionDate "2023.06.22"]

1. d4 Nf6 2. c4 g6 3. Nc3 Bg7 4. e4 d6 5. Nf3 O-O 6. Be2 e5 7. Be3 Ng4 8. Bg5
f6 9. Bc1 a5 10. h3 Nh6 11. O-O Nc6 12. d5 Ne7 13. Rb1 Bd7 14. b3 f5 15. Ng5
Qc8 16. c5 dxc5 17. d6 cxd6 18. Qxd6 Qc6 19. Rd1 Qxd6 20. Rxd6 Bc6 21. Be3 fxe4
22. g4 Kh8 23. Bxc5 Nf7 24. Nxf7+ Rxf7 25. Rbd1 Re8 26. Bc4 Rff8 27. Re6 Bf6
28. Nb5 Bxb5 29. Bxb5 Nc6 30. Bxf8 Rxe6 31. Rd7 Nd8 32. g5 Bxg5 33. Bc4 e3 34.
fxe3 Bxe3+ 35. Kg2 Bg5 36. Bh6 1-0

[Event "Katernberg- Lieme"]
[Site "?"]
[Date "2023.04.30"]
[Round "8.4"]
[White "Rosen, Bernd"]
[Black "Himpenmacher, Andy"]
[Result "1/2-1/2"]
[WhiteElo "2306"]
[BlackElo "2219"]
[PlyCount "83"]
[SourceVersionDate "2023.06.22"]

1. c4 c6 2. Nf3 d5 3. Qa4 dxc4 4. Qxc4 Nf6 5. g3 g6 6. Bg2 Bg7 7. Nc3 O-O 8.
O-O Nbd7 9. d4 Nb6 10. Qd3 Be6 11. Rd1 Qc8 12. e4 Rd8 13. Bf4 Bg4 14. Rac1 Nh5
15. Be3 Qd7 16. Qf1 Qe8 17. h3 Be6 18. b3 h6 19. g4 Nf6 20. g5 hxg5 21. Nxg5
Bc8 22. a4 Nh7 23. Nxh7 Kxh7 24. a5 Nd7 25. a6 Nb6 26. axb7 Bxb7 27. Qe2 Rac8
28. h4 e5 29. d5 cxd5 30. exd5 f5 31. h5 e4 32. Nb5 Rxc1 33. Rxc1 Nxd5 34. Nc7
Nxc7 35. Rxc7 Rd7 36. hxg6+ Kxg6 37. Rxb7 Rxb7 38. Qa6+ Rb6 39. Bxb6 axb6 40.
Qxb6+ Bf6 41. Qd6 Qe5 42. Qxe5 1/2-1/2

[Event "Katernberg- Lieme"]
[Site "?"]
[Date "2023.04.30"]
[Round "8.5"]
[White "Essing, Arnold"]
[Black "Schimnatkowski, Lukas"]
[Result "1-0"]
[WhiteElo "2208"]
[BlackElo "2261"]
[PlyCount "133"]
[SourceVersionDate "2023.06.22"]

1. d4 Nf6 2. Nf3 g6 3. b3 Bg7 4. Bb2 O-O 5. g3 d6 6. Bg2 e5 7. dxe5 Ng4 8. Qc1
Nxe5 9. O-O Nbc6 10. Nbd2 Re8 11. e3 Bg4 12. h3 Nxf3+ 13. Nxf3 Bf5 14. Re1 Be4
15. a3 Qd7 16. Bxg7 Kxg7 17. Qb2+ Kg8 18. Nd2 Bxg2 19. Kxg2 Qf5 20. Rad1 Rad8
21. Qc3 d5 22. Nf3 Qe4 23. Qd3 a6 24. Qxe4 dxe4 25. Nd2 Kf8 26. Nc4 b5 27. Nb2
Ke7 28. f4 exf3+ 29. Kxf3 Ne5+ 30. Ke2 c5 31. Nd3 Nxd3 32. cxd3 Rd5 33. Rd2 Kd6
34. Rf1 f5 35. Rc2 Rde5 36. Rf3 Rd5 37. Rf1 Re7 38. Kd2 Rd7 39. Ke2 Ke7 40. Rd1
Ke6 41. Rdd2 Kd6 42. Rd1 Ke5 43. Rxc5 Kd6 44. d4 Re7 45. Rdc1 Rxc5 46. Rxc5 Re8
47. Kd3 Rb8 48. Ke2 Re8 49. Kf3 Rf8 50. h4 Re8 51. h5 Kd7 52. b4 Re6 53. hxg6
hxg6 54. Rc3 Re8 55. g4 Rf8 56. gxf5 Rxf5+ 57. Ke4 Rf1 58. d5 Ra1 59. Ke5 g5
60. e4 g4 61. Rg3 Kc7 62. Ke6 a5 63. bxa5 Kb7 64. d6 Rd1 65. d7 Kc7 66. Rc3+
Kd8 67. Rc8# 1-0

[Event "Katernberg- Lieme"]
[Site "?"]
[Date "2023.04.30"]
[Round "8.6"]
[White "Bee, Marcus"]
[Black "Schaffarczyk, Andre"]
[Result "1-0"]
[WhiteElo "2197"]
[BlackElo "2157"]
[PlyCount "97"]
[SourceVersionDate "2023.06.22"]

1. g3 d5 2. Bg2 Nf6 3. c4 e6 4. Nf3 Be7 5. O-O O-O 6. b3 c5 7. Bb2 Nc6 8. e3 b6
9. Qe2 Ba6 10. d3 Qd7 11. Rd1 Rfd8 12. Nbd2 Bb7 13. Rac1 a5 14. d4 cxd4 15.
Nxd4 Rac8 16. cxd5 Nxd4 17. Bxd4 Rxc1 18. Rxc1 Bxd5 19. Bxd5 Qxd5 20. Nc4 Qb5
21. Bxb6 Rc8 22. Bd4 a4 23. Bxf6 Bxf6 24. Qc2 axb3 25. axb3 g6 26. h4 h5 27.
Rd1 Rb8 28. Rb1 Rc8 29. Qe4 Qb4 30. Qf4 Kg7 31. Kg2 Rc5 32. Qe4 Rc8 33. Kf3 Rc5
34. Nd6 Qxe4+ 35. Nxe4 Rf5+ 36. Ke2 Be7 37. Kd3 Rd5+ 38. Kc4 f5 39. Ng5 Rc5+
40. Kd3 Rd5+ 41. Ke2 e5 42. Rc1 Kf6 43. Rc6+ Bd6 44. Rb6 e4 45. b4 Ke7 46. Rb7+
Kd8 47. Rg7 Bxb4 48. Rxg6 Rd2+ 49. Kf1 1-0

[Event "Katernberg- Lieme"]
[Site "?"]
[Date "2023.04.30"]
[Round "8.7"]
[White "Krallmann, Matthias"]
[Black "Meyer, Armin"]
[Result "1/2-1/2"]
[WhiteElo "2168"]
[BlackElo "2207"]
[PlyCount "50"]
[SourceVersionDate "2023.06.22"]

1. d4 Nf6 2. c4 e6 3. Nf3 Bb4+ 4. Bd2 c5 5. Bxb4 cxb4 6. g3 O-O 7. Bg2 d6 8.
O-O a5 9. a3 Na6 10. axb4 Nxb4 11. Nc3 b6 12. Ne1 Rb8 13. Nd3 Nxd3 14. Qxd3 Ba6
15. b4 d5 16. b5 dxc4 17. Qxc4 Bb7 18. Bc6 Qe7 19. e4 Rfd8 20. d5 Nd7 21. Rad1
Nc5 22. Rd2 e5 23. f4 Bc8 24. Kg2 Rd6 25. Rdf2 Rh6 1/2-1/2

[Event "Katernberg- Lieme"]
[Site "?"]
[Date "2023.04.30"]
[Round "8.8"]
[White "Gruenter, Martin"]
[Black "Wolf, Andre"]
[Result "1-0"]
[WhiteElo "2191"]
[BlackElo "2089"]
[PlyCount "69"]
[SourceVersionDate "2023.06.22"]

1. e4 e5 2. Nf3 Nc6 3. Bc4 Nf6 4. Ng5 d5 5. exd5 Na5 6. Bb5+ c6 7. dxc6 bxc6 8.
Bd3 h6 9. Ne4 Nd5 10. O-O Be7 11. Ng3 O-O 12. Bf5 Nb7 13. Re1 Bd6 14. d3 Nf6
15. Nd2 Re8 16. Nc4 Bc7 17. Qf3 Qd5 18. Ne4 Qd8 19. Bxc8 Rxc8 20. Nxf6+ Qxf6
21. Qxf6 gxf6 22. Bxh6 f5 23. Bd2 f6 24. f4 e4 25. dxe4 fxe4 26. g3 Kf7 27.
Rad1 Re7 28. Be3 c5 29. Rd5 Bb6 30. Red1 Ke8 31. Rh5 Rcc7 32. Kg2 Kf7 33. g4
Kg7 34. Rhd5 Kf7 35. Kg3 1-0

[Event "Münster- Solingen 3"]
[Site "?"]
[Date "2023.04.30"]
[Round "8.1"]
[White "Zolfagharian, Kevin"]
[Black "Holtel, Jasper"]
[Result "0-1"]
[WhiteElo "2228"]
[BlackElo "2343"]
[Annotator "daniel"]
[PlyCount "70"]
[SourceVersionDate "2023.06.22"]

1. e4 c5 2. Nf3 d6 3. d4 cxd4 4. Nxd4 Nf6 5. Nc3 a6 6. Bg5 e6 7. Qe2 h6 8. Bh4
Be7 9. O-O-O Nxe4 10. Nxe4 Bxh4 11. Nxe6 Bxe6 12. Nxd6+ Kf8 13. Nxf7 Bg5+ 14.
Kb1 Kxf7 15. Rxd8 Rxd8 16. h4 Bf6 17. Qf3 Nc6 18. Bd3 Ne5 19. Qxb7+ Kg8 20. Qe4
Bd5 21. Qh7+ Kf7 22. Be4 Rab8 23. b3 $11 Rb4 24. Bxd5+ Rxd5 25. c3 Rb8 26. Qe4
Rc5 27. Rh3 Nc4 28. Rd3 Na3+ 29. Kb2 Nb5 30. Qf4 Re8 31. b4 Rcc8 32. a4 Nxc3
33. Kb3 Ne2 34. Rd7+ Kg8 35. Qg4 Nc1+ 0-1

[Event "Münster- Solingen 3"]
[Site "?"]
[Date "2023.04.30"]
[Round "8.2"]
[White "Schmitzer, Klaus"]
[Black "Hobusch, Jan"]
[Result "1-0"]
[WhiteElo "2226"]
[BlackElo "2236"]
[PlyCount "71"]
[SourceVersionDate "2023.06.22"]

1. e4 c6 2. d4 d5 3. e5 c5 4. dxc5 e6 5. a3 Bxc5 6. Nf3 Nd7 7. Bd3 Qc7 8. Qe2
Ne7 9. b4 Bb6 10. Bb2 Ng6 11. g3 d4 12. Bxg6 hxg6 13. O-O Rh5 14. Re1 a6 15. c4
dxc3 16. Nxc3 Qb8 17. Rac1 Bd8 18. Ne4 Be7 19. Red1 Nb6 20. g4 Rh8 21. Nd6+
Bxd6 22. exd6 f6 23. Qe3 Na4 24. Rxc8+ Qxc8 25. d7+ Qxd7 26. Rxd7 Kxd7 27. g5
e5 28. Qd3+ Ke7 29. Qxg6 Rhg8 30. Bc1 Nc3 31. Be3 Ke6 32. gxf6 gxf6 33. Ng5+
Kd5 34. Qf7+ Kc6 35. Qc4+ Kd7 36. Qe6+ 1-0

[Event "Münster- Solingen 3"]
[Site "?"]
[Date "2023.04.30"]
[Round "8.3"]
[White "Michalczak, Thomas"]
[Black "Chilla, Jan Eric"]
[Result "1/2-1/2"]
[WhiteElo "2238"]
[BlackElo "2239"]
[PlyCount "61"]
[SourceVersionDate "2023.06.22"]

1. d4 Nf6 2. Nf3 e6 3. Bg5 c5 4. d5 h6 5. Bxf6 Qxf6 6. Nc3 d6 7. e4 e5 8. Bb5+
Nd7 9. O-O g6 10. Nd2 a6 11. Bxd7+ Bxd7 12. Nc4 Qd8 13. f4 Bb5 14. Nxb5 axb5
15. Nd2 exf4 16. Qe2 Bg7 17. Qxb5+ Qd7 18. Qxd7+ Kxd7 19. Rxf4 Ke7 20. c3 b5
21. Raf1 Rhf8 22. a3 Ra4 23. R4f3 h5 24. Ra1 Bh6 25. b3 Ra7 26. Nb1 Rfa8 27.
Rf1 Kf8 28. Rf6 Ke7 29. Rf1 Kf8 30. Rf6 Ke7 31. Rf1 1/2-1/2